[Event "FIN-ch"]
[Site "Helsinki"]
[Date "2024.04.06"]
[Round "9"]
[White "Kallunki, Konsta"]
[Black "Lahdelma, Henri"]
[Result "0-1"]
[WhiteElo "1993"]
[BlackElo "2344"]
[PlyCount "88"]
[EventDate "2024.03.29"]
[EventType "tourn"]
[EventRounds "9"]
[EventCountry "FIN"]
[EventCategory "3"]
[SourceTitle "CB15_2024"]
[SourceDate "2024.04.10"]
[SourceVersion "1"]
[SourceVersionDate "2024.04.10"]
[SourceQuality "1"]

1. e4 c6 2. Nc3 d5 3. Nf3 g6 4. d4 Bg7 5. h3 Nh6 6. e5 0-0 7. Be2 f6 8. Bf4 Nf7 9. exf6 Bxf6 10. 0-0 Nd7 11. Re1 e5 12. dxe5 Ndxe5 13. Nxe5 Nxe5 14. Bf1 Re8 15. Qd2 Bf5 16. Rad1 Kg7 17. Qc1 Qa5 18. Bd2 Qc7 19. Bf4 h5 20. Ne2 Rad8 21. Ng3 Bc8 22. Bg5 Qe7 23. Bh6+ Kg8 24. Kh1 Qf7 25. Bg5 Qg7 26. Qf4 Bxg5 27. Qxg5 Nf7 28. Qc1 Qf6 29. Kg1 Rf8 30. Bd3 h4 31. Nf1 Ng5 32. f4 Ne6 33. f5 gxf5 34. Ne3 Ng7 35. Rf1 f4 36. c3 Qg5 37. Ng4 Bxg4 38. hxg4 Qxg4 39. Rf3 Nh5 40. Bb1 Rd7 41. Rdf1 Rg7 42. Qc2 h3 43. Rxh3 Qxh3 44. Qh7+ Rxh7 0-1

[Event "FIN-ch"]
[Site "Helsinki"]
[Date "2024.03.31"]
[Round "3"]
[White "Lahdelma, Henri"]
[Black "Keinanen, Toivo"]
[Result "0-1"]
[WhiteElo "2344"]
[BlackElo "2534"]
[PlyCount "106"]
[EventDate "2024.03.29"]
[EventType "tourn"]
[EventRounds "9"]
[EventCountry "FIN"]
[EventCategory "3"]
[SourceTitle "CB15_2024"]
[SourceDate "2024.04.10"]
[SourceVersion "1"]
[SourceVersionDate "2024.04.10"]
[SourceQuality "1"]

1. d4 d5 2. c4 e6 3. Nc3 Bb4 4. cxd5 exd5 5. a3 Bxc3+ 6. bxc3 c5 7. Nf3 Nc6 8. g3 Qa5 9. Bd2 c4 10. Bg2 Nf6 11. 0-0 0-0 12. Ne1 Re8 13. Nc2 h6 14. f3 Bf5 15. Ne3 Rxe3 16. Bxe3 Qxc3 17. Bf2 Re8 18. Rc1 Qxa3 19. e4 dxe4 20. fxe4 Bxe4 21. Rxc4 Qd6 22. Bxe4 Rxe4 23. Re1 Re6 24. Rc2 Qd7 25. Rce2 Rd6 26. Qb3 Rxd4 27. Qa2 Rd5 28. Qb1 h5 29. Bxa7 Nxa7 30. Re7 Qb5 31. Rxb7 Qxb1 32. Rexb1 Nc6 33. R7b5 Rd2 34. R5b2 Rd4 35. Re2 Kh7 36. Rbb2 Rg4 37. Rb7 Kg6 38. Kg2 Nd8 39. Ra7 Ne6 40. Rf2 Rb4 41. Rfa2 Rc4 42. R7a4 Rc1 43. Rd2 Ng4 44. Re2 Rc3 45. Rb4 Nh6 46. Ra4 Nf5 47. Rb4 Ra3 48. Reb2 Ne3+ 49. Kg1 Rc3 50. Rb1 Nc4 51. Ra4 Rc2 52. Rba1 Ng5 53. R4a2 Nf3+ 0-1

[Event "FIN-ch"]
[Site "Helsinki"]
[Date "2024.03.30"]
[Round "2"]
[White "Agopov, Mikael"]
[Black "Lahdelma, Henri"]
[Result "1-0"]
[WhiteElo "2442"]
[BlackElo "2344"]
[PlyCount "93"]
[EventDate "2024.03.29"]
[EventType "tourn"]
[EventRounds "9"]
[EventCountry "FIN"]
[EventCategory "3"]
[SourceTitle "CB15_2024"]
[SourceDate "2024.04.10"]
[SourceVersion "1"]
[SourceVersionDate "2024.04.10"]
[SourceQuality "1"]

1. e4 e6 2. d4 d5 3. Nc3 Bb4 4. e5 c5 5. a3 Bxc3+ 6. bxc3 Ne7 7. Qg4 Qc7 8. Bd3 c4 9. Be2 Nf5 10. Qh3 Qa5 11. Bd2 Qa4 12. Bd1 Bd7 13. Ne2 Nc6 14. Nf4 0-0-0 15. g4 Nfe7 16. Nh5 Rhg8 17. Qg3 Rdf8 18. h3 Qa5 19. Qe3 Qb6 20. Bc1 f6 21. f4 fxe5 22. fxe5 Ng6 23. a4 Rf7 24. Kd2 Ngxe5 25. a5 Qb5 26. dxe5 d4 27. cxd4 Qd5 28. Re1 Nxd4 29. Kc3 Nb5+ 30. Kb4 Nc7 31. Qc5 Qg2 32. Be3 Bc6 33. Ka3 Rd8 34. Kb2 Rd5 35. Qxc4 Rxe5 36. Ra3 Re4 37. Qe2 Rb4+ 38. Rb3 Qe4 39. Bxa7 Rxb3+ 40. cxb3 Qb4 41. Bb6 Rf3 42. Qe5 Qd2+ 43. Bc2 Rxb3+ 44. Kxb3 Bd5+ 45. Kb2 Qb4+ 46. Kc1 Nb5 47. Re3 1-0

[Event "Titled Tuesday intern op 29th Aug Late"]
[Site "Chess.com INT"]
[Date "2023.08.29"]
[Round "6"]
[White "Lahdelma, Henri"]
[Black "Zampronha, Wladimir Camilo"]
[Result "1-0"]
[WhiteElo "2324"]
[BlackElo "2170"]
[PlyCount "45"]
[EventDate "2023.08.29"]
[EventType "swiss (blitz)"]
[EventRounds "11"]
[EventCountry "USA"]
[SourceTitle "EXT 2024"]
[Source "ChessBase"]
[SourceDate "2023.10.10"]
[SourceVersion "1"]
[SourceVersionDate "2023.10.10"]
[SourceQuality "1"]

1. d4 Nf6 2. Nf3 e6 3. g3 d5 4. Bg2 b5 5. 0-0 Be7 6. a4 b4 7. a5 c5 8. dxc5 Bxc5 9. c3 bxc3 10. Nxc3 0-0 11. Ne5 Nfd7 12. Nd3 Ba6 13. Nxc5 Nxc5 14. b4 Ncd7 15. b5 Bc8 16. e4 Qf6 17. Bb2 a6 18. exd5 axb5 19. dxe6 Ra7 20. exd7 Rxd7 21. Qb3 Rd3 22. Be4 Rd4 23. Nxb5 1-0

[Event "Titled Tuesday intern op 29th Aug Late"]
[Site "Chess.com INT"]
[Date "2023.08.29"]
[Round "3"]
[White "Pichot, Alan"]
[Black "Lahdelma, Henri"]
[Result "1-0"]
[WhiteElo "2642"]
[BlackElo "2324"]
[PlyCount "93"]
[EventDate "2023.08.29"]
[EventType "swiss (blitz)"]
[EventRounds "11"]
[EventCountry "USA"]
[SourceTitle "EXT 2024"]
[Source "ChessBase"]
[SourceDate "2023.10.10"]
[SourceVersion "1"]
[SourceVersionDate "2023.10.10"]
[SourceQuality "1"]

1. d4 e6 2. c4 b6 3. Nf3 Bb7 4. g3 Nf6 5. Bg2 Bb4+ 6. Bd2 Bxd2+ 7. Qxd2 0-0 8. 0-0 d6 9. Qc2 Nbd7 10. Nc3 Re8 11. Rfd1 Qc8 12. e4 e5 13. d5 a5 14. a3 Ba6 15. Nd2 Nf8 16. b4 N6d7 17. Nb5 Ng6 18. h4 Ne7 19. Bh3 Qd8 20. Qc3 g6 21. Nb3 a4 22. Nd2 f5 23. exf5 Nxf5 24. Ne4 Rf8 25. Rac1 h6 26. Qd2 Kg7 27. Nec3 Nf6 28. Qd3 Ng8 29. Re1 Rf7 30. h5 Nge7 31. hxg6 Rf6 32. Bg4 Bc8 33. Bf3 Rxg6 34. Be4 Rf6 35. c5 bxc5 36. bxc5 Bd7 37. c6 Bc8 38. Rb1 Ba6 39. Rb4 Bxb5 40. Nxb5 h5 41. Nc3 Nd4 42. Ne2 Nef5 43. Rb7 Nxe2+ 44. Qxe2 h4 45. Qg4+ Rg6 46. Qxf5 hxg3 47. Qxg6+ 1-0

[Event "Riga Tech op-A"]
[Site "Riga"]
[Date "2023.08.12"]
[Round "8"]
[White "Petrova, Irina"]
[Black "Lahdelma, Henri"]
[Result "0-1"]
[WhiteElo "2108"]
[BlackElo "2324"]
[PlyCount "102"]
[EventDate "2023.08.07"]
[EventType "swiss"]
[EventRounds "9"]
[EventCountry "LAT"]
[SourceTitle "CBM 215 Extra"]
[Source "ChessBase"]
[SourceDate "2023.09.30"]
[SourceVersion "1"]
[SourceVersionDate "2023.09.30"]
[SourceQuality "1"]

1. e4 c6 2. d4 d5 3. Nc3 dxe4 4. Nxe4 Bf5 5. Ng3 Bg6 6. h4 h6 7. Nf3 Nd7 8. h5 Bh7 9. Bd3 Bxd3 10. Qxd3 e6 11. Bd2 Ngf6 12. 0-0-0 Be7 13. Kb1 0-0 14. Ne4 Nxe4 15. Qxe4 Nf6 16. Qe2 Qd5 17. Be3 Qb5 18. Qxb5 cxb5 19. Ne5 b4 20. g4 Nd5 21. Bd2 Rfd8 22. f4 Nf6 23. Be3 Ne4 24. Rdg1 f6 25. Ng6 Kf7 26. g5 hxg5 27. fxg5 Rg8 28. Rh4 Nd6 29. Rhg4 Nf5 30. Bd2 Bd6 31. d5 exd5 32. Bxb4 Bxb4 33. Rxb4 b6 34. Rf4 Ne3 35. h6 f5 36. h7 Kxg6 37. hxg8Q Rxg8 38. Rd4 Re8 39. Kc1 Re4 40. Rd2 f4 41. b3 b5 42. Rf2 Kf5 43. g6 Re6 44. Kd2 Ke4 45. Rg5 Rc6 46. c3 b4 47. cxb4 Rc2+ 48. Ke1 Rc1+ 49. Kd2 Rd1+ 50. Kc3 Rd3+ 51. Kb2 Nd1+ 0-1

[Event "Heart of Finland op 31st"]
[Site "Jyvaskyla"]
[Date "2023.07.23"]
[Round "9"]
[White "Lahdelma, Henri"]
[Black "Koykka, Pekka"]
[Result "0-1"]
[WhiteElo "2328"]
[BlackElo "2332"]
[PlyCount "126"]
[EventDate "2023.07.17"]
[EventType "swiss"]
[EventRounds "9"]
[EventCountry "FIN"]
[SourceTitle "CBM 215 Extra"]
[Source "ChessBase"]
[SourceDate "2023.09.30"]
[SourceVersion "1"]
[SourceVersionDate "2023.09.30"]
[SourceQuality "1"]

1. d4 Nf6 2. c4 e6 3. Nc3 Bb4 4. e3 0-0 5. Bd3 c5 6. Nf3 cxd4 7. exd4 d5 8. cxd5 Nxd5 9. 0-0 Nc6 10. Bc2 Be7 11. Qd3 g6 12. a3 Qb6 13. Ne4 Rd8 14. Rd1 e5 15. dxe5 Ndb4 16. Qe2 Nxc2 17. Rxd8+ Qxd8 18. Qxc2 Bf5 19. Bf4 Qd5 20. Re1 Rd8 21. Qe2 Nd4 22. Nxd4 Qxd4 23. Nf6+ Bxf6 24. exf6 h5 25. Be5 Qd3 26. Qxd3 Rxd3 27. Bc3 g5 28. f3 Be6 29. Kf2 Rd5 30. Ke3 Kh7 31. Bd4 a5 32. Rc1 b5 33. Ke4 a4 34. Rc6 Kg6 35. Rb6 Rf5 36. Be5 g4 37. f4 h4 38. Rxb5 Rh5 39. Rb8 Bf5+ 40. Ke3 Be6 41. Ke4 Bf5+ 42. Kd5 Be6+ 43. Kd6 Kh7 44. Ke7 g3 45. hxg3 hxg3 46. Rf8 Bb3 47. Rxf7+ Bxf7 48. Kxf7 Rf5 49. Ke6 Kg6 50. Kd5 Kh5 51. Kc4 Kg6 52. Kd3 Kh5 53. b4 axb3 54. a4 Kg6 55. a5 Rh5 56. a6 Rh8 57. a7 Rc8 58. Ke4 Ra8 59. Kd3 Rxa7 60. Kc3 Ra2 61. Kxb3 Rxg2 62. Kc3 Rf2 63. Bd4 Rf1 0-1

[Event "Heart of Finland op 31st"]
[Site "Jyvaskyla"]
[Date "2023.07.22"]
[Round "8"]
[White "Lahdelma, Henri"]
[Black "Volkov, Roman"]
[Result "1-0"]
[WhiteElo "2328"]
[BlackElo "2181"]
[PlyCount "91"]
[EventDate "2023.07.17"]
[EventType "swiss"]
[EventRounds "9"]
[EventCountry "FIN"]
[SourceTitle "CBM 215 Extra"]
[Source "ChessBase"]
[SourceDate "2023.09.30"]
[SourceVersion "1"]
[SourceVersionDate "2023.09.30"]
[SourceQuality "1"]

1. Nf3 Nf6 2. c4 b6 3. g3 c5 4. Bg2 Bb7 5. 0-0 g6 6. e3 Bg7 7. d4 cxd4 8. exd4 d5 9. Ne5 0-0 10. Nc3 h6 11. b3 e6 12. Ba3 Re8 13. Re1 Nc6 14. Rc1 Ne7 15. b4 Rb8 16. c5 bxc5 17. dxc5 a6 18. Qd3 Qc7 19. Bb2 Nc6 20. Nxc6 Bxc6 21. a3 Qb7 22. Bf1 Ra8 23. Nd1 Ne4 24. Bxg7 Kxg7 25. f3 Bb5 26. Qe3 Bxf1 27. Kxf1 Nf6 28. Qd4 e5 29. Rxe5 Qb5+ 30. Kf2 Rxe5 31. Qxe5 Re8 32. Qb2 d4 33. c6 d3 34. Ne3 Qg5 35. Qd4 Qb5 36. c7 Qb7 37. Qxd3 Rc8 38. Qd4 h5 39. Rc5 Qb6 40. Nd5 Qd6 41. Qxf6+ Qxf6 42. Nxf6 Kxf6 43. Ke3 Ke6 44. Kf4 Kf6 45. h4 Ke6 46. g4 1-0

[Event "FIN-ch"]
[Site "Helsinki"]
[Date "2023.04.09"]
[Round "3"]
[White "Lahdelma, Henri"]
[Black "Koykka, Pekka"]
[Result "0-1"]
[WhiteElo "2315"]
[BlackElo "2329"]
[PlyCount "60"]
[EventDate "2023.04.07"]
[EventType "swiss"]
[EventRounds "9"]
[EventCountry "FIN"]
[SourceTitle "CBM 213 Extra"]
[Source "ChessBase"]
[SourceDate "2023.05.31"]
[SourceVersion "1"]
[SourceVersionDate "2023.05.31"]
[SourceQuality "1"]

1. d4 Nf6 2. c4 e6 3. Nc3 Bb4 4. Qc2 d6 5. a3 Bxc3+ 6. Qxc3 Nbd7 7. g3 0-0 8. Bg2 e5 9. dxe5 Nxe5 10. Nf3 Nxf3+ 11. Bxf3 Re8 12. Bg5 Ne4 13. Qxg7+ Kxg7 14. Bxd8 Nxf2 15. Bxc7 Nxh1 16. Bxd6 Bf5 17. Bxh1 Be4 18. Kf2 Bxh1 19. Rxh1 Re4 20. Rc1 Rae8 21. Rc2 R8e6 22. Bf4 Kf8 23. Kf3 Ke8 24. b3 Kd7 25. Rd2+ Kc6 26. e3 a5 27. a4 b6 28. Rd5 Re7 29. Rh5 f6 30. Rxh7 Rxf4+ 0-1

[Event "FIN-ch"]
[Site "Helsinki"]
[Date "2023.04.07"]
[Round "1"]
[White "Lahdelma, Henri"]
[Black "Valkama, Eero"]
[Result "0-1"]
[WhiteElo "2315"]
[BlackElo "2258"]
[PlyCount "84"]
[EventDate "2023.04.07"]
[EventType "swiss"]
[EventRounds "9"]
[EventCountry "FIN"]
[SourceTitle "CBM 213 Extra"]
[Source "ChessBase"]
[SourceDate "2023.05.31"]
[SourceVersion "1"]
[SourceVersionDate "2023.05.31"]
[SourceQuality "1"]

1. d4 Nf6 2. c4 e6 3. Nc3 Bb4 4. e3 0-0 5. Bd3 d5 6. cxd5 exd5 7. Nge2 Re8 8. Bd2 Bf8 9. Qc2 b6 10. 0-0 c5 11. dxc5 bxc5 12. Na4 Nbd7 13. Bc3 Bb7 14. Bxf6 Qxf6 15. Bxh7+ Kh8 16. Bf5 Ne5 17. Rfd1 Rad8 18. Bh3 d4 19. exd4 cxd4 20. Ng3 d3 21. Qc3 Rd4 22. Nc5 Bxc5 23. Qxc5 Rh4 24. Bf5 Rd8 25. Qb5 Bc6 26. Qa5 g6 27. f4 Rxf4 28. Rf1 Rxf1+ 29. Rxf1 gxf5 30. Rxf5 d2 31. Rxf6 d1Q+ 32. Nf1 Qd4+ 33. Kh1 Qd5 34. Qxd5 Rxd5 35. Kg1 Kg7 36. Rf2 Rd1 37. Rd2 Ra1 38. Kf2 Rxa2 39. Kg3 Nc4 40. Rd4 Nxb2 41. Ne3 Ra3 42. Kf4 Ra4 0-1

[Event "FIN-chT 2223"]
[Site "Finland"]
[Date "2023.02.11"]
[Round "9.2"]
[White "Lahdelma, Henri"]
[Black "Kiik, Kalle"]
[Result "1/2-1/2"]
[WhiteElo "2303"]
[BlackElo "2375"]
[PlyCount "53"]
[EventDate "2022.09.24"]
[EventType "team-tourn"]
[EventRounds "11"]
[EventCountry "FIN"]
[SourceTitle "EXT 2024"]
[Source "ChessBase"]
[SourceDate "2023.10.10"]
[SourceVersion "1"]
[SourceVersionDate "2023.10.10"]
[SourceQuality "1"]
[WhiteTeam "Espoo MatSK"]
[BlackTeam "Salo SalSK"]
[WhiteTeamCountry "FIN"]
[BlackTeamCountry "FIN"]

1. d4 c5 2. d5 e5 3. e4 d6 4. Bd3 g6 5. Nd2 h5 6. a4 Nd7 7. Nc4 Nb6 8. Nxb6 Qxb6 9. Nf3 Bh6 10. Nd2 Kf8 11. Nc4 Qd8 12. 0-0 Bxc1 13. Qxc1 g5 14. a5 Rh6 15. b4 cxb4 16. Qd2 Nf6 17. Qxb4 Nd7 18. Ra3 Qe7 19. Nb2 Rg6 20. Na4 g4 21. c4 h4 22. Be2 Kg7 23. Rc3 b6 24. axb6 axb6 25. Nxb6 Rb8 26. Nxc8 Rxc8 27. Qb7 1/2-1/2

[Event "FIN-chT 2223"]
[Site "Finland"]
[Date "2023.01.15"]
[Round "8.2"]
[White "Agopov, Mikael"]
[Black "Lahdelma, Henri"]
[Result "1-0"]
[WhiteElo "2464"]
[BlackElo "2303"]
[PlyCount "53"]
[EventDate "2022.09.24"]
[EventType "team-tourn"]
[EventRounds "11"]
[EventCountry "FIN"]
[SourceTitle "EXT 2024"]
[Source "ChessBase"]
[SourceDate "2023.10.10"]
[SourceVersion "1"]
[SourceVersionDate "2023.10.10"]
[SourceQuality "1"]
[WhiteTeam "Helsinki Ninja"]
[BlackTeam "Espoo MatSK"]
[WhiteTeamCountry "FIN"]
[BlackTeamCountry "FIN"]

1. e4 c6 2. d4 d5 3. e5 Bf5 4. g4 Bd7 5. Nc3 e6 6. Be3 b6 7. Nce2 c5 8. c3 Nc6 9. f4 cxd4 10. cxd4 Na5 11. Nf3 Nc4 12. Bc1 Nh6 13. h3 Be7 14. Ng3 f6 15. b3 Na3 16. Bd3 fxe5 17. fxe5 0-0 18. 0-0 Rc8 19. Nh5 Nf7 20. g5 Nh8 21. Nf6+ gxf6 22. gxf6 Rf7 23. Ng5 Rxf6 24. exf6 Bxf6 25. Qh5 Bxd4+ 26. Kh1 Qe7 27. Bxa3 1-0

[Event "Rilton Cup 50th"]
[Site "Stockholm"]
[Date "2022.12.31"]
[Round "5"]
[White "Lahdelma, Henri"]
[Black "Willow, Jonah B"]
[Result "0-1"]
[WhiteElo "2332"]
[BlackElo "2409"]
[PlyCount "98"]
[EventDate "2022.12.27"]
[EventType "swiss"]
[EventRounds "9"]
[EventCountry "SWE"]
[SourceTitle "CBM 212 Extra"]
[Source "ChessBase"]
[SourceDate "2023.03.31"]
[SourceVersion "1"]
[SourceVersionDate "2023.03.31"]
[SourceQuality "1"]

1. e4 c5 2. Nf3 e6 3. c3 d5 4. exd5 Qxd5 5. d4 Nf6 6. Na3 Nc6 7. Nb5 Qd8 8. dxc5 Bxc5 9. Qxd8+ Kxd8 10. Bf4 Ne4 11. Be3 Bxe3 12. fxe3 Ke7 13. Bd3 Nd6 14. Nxd6 Kxd6 15. 0-0-0 Ke7 16. Be4 Bd7 17. Rd2 Rhd8 18. Rhd1 Rac8 19. b3 Be8 20. Kb2 Rxd2+ 21. Rxd2 Nd8 22. c4 f5 23. Bc2 Nf7 24. h4 h6 25. Nd4 Nd6 26. Re2 Bh5 27. Re1 Nf7 28. Kc3 Ne5 29. Bd1 Bxd1 30. Rxd1 Ng4 31. Kd2 Nf2 32. Rc1 g5 33. hxg5 hxg5 34. Ke2 Ne4 35. Nb5 Rh8 36. Nc3 Nf6 37. Rd1 Rh2 38. Kf3 Nh5 39. Ne2 e5 40. Rd5 Ke6 41. Rb5 Rh1 42. Ng3 e4+ 43. Kf2 Nxg3 44. Kxg3 Rf1 45. Rxb7 f4+ 46. exf4 e3 47. f5+ Kf6 48. Rxa7 e2 49. Kg4 Rf4+ 0-1

[Event "Rilton Cup 50th"]
[Site "Stockholm"]
[Date "2022.12.27"]
[Round "1"]
[White "Lahdelma, Henri"]
[Black "Smirin, Ilia"]
[Result "0-1"]
[WhiteElo "2332"]
[BlackElo "2596"]
[PlyCount "84"]
[EventDate "2022.12.27"]
[EventType "swiss"]
[EventRounds "9"]
[EventCountry "SWE"]
[SourceTitle "CBM 212 Extra"]
[Source "ChessBase"]
[SourceDate "2023.03.31"]
[SourceVersion "1"]
[SourceVersionDate "2023.03.31"]
[SourceQuality "1"]

1. e4 c5 2. c3 g6 3. d4 cxd4 4. cxd4 d5 5. e5 Nc6 6. Nf3 Bg4 7. Bb5 e6 8. Bxc6+ bxc6 9. Nc3 Ne7 10. Bg5 Bg7 11. 0-0 h6 12. Bxe7 Qxe7 13. Na4 0-0 14. h3 Bxf3 15. Qxf3 f6 16. exf6 Rxf6 17. Qe3 e5 18. dxe5 Rf5 19. Rac1 Rxe5 20. Qd3 Qe8 21. Rc2 Kh7 22. Nc5 a5 23. b3 Ra7 24. Qd2 h5 25. f4 Bh6 26. Qd4 Ree7 27. Kh1 Re1 28. Rcf2 Rf7 29. Qd2 Rxf1+ 30. Rxf1 h4 31. Qxa5 Qe3 32. f5 gxf5 33. Re1 Qg3 34. Ne6 Be3 35. Qc3 d4 36. Qa1 f4 37. Qb1+ Kh6 38. Nxd4 Bxd4 39. Re6+ Kg7 40. Re4 f3 41. Rg4+ Qxg4 42. hxg4 f2 0-1

[Event "Titled Tuesday intern op 27th Sep Early"]
[Site "Chess.com INT"]
[Date "2022.09.27"]
[Round "2"]
[White "Bharath, Subramaniyam H"]
[Black "Lahdelma, Henri"]
[Result "1-0"]
[WhiteElo "2495"]
[BlackElo "2303"]
[PlyCount "117"]
[EventDate "2022.09.27"]
[EventType "swiss (blitz)"]
[EventRounds "11"]
[EventCountry "USA"]
[SourceTitle "CBM 210 Extra"]
[Source "ChessBase"]
[SourceDate "2022.11.30"]
[SourceVersion "1"]
[SourceVersionDate "2022.11.30"]
[SourceQuality "1"]

1. d4 e6 2. Nf3 d5 3. Bf4 c5 4. c3 cxd4 5. cxd4 Bd6 6. e3 Bxf4 7. exf4 Nf6 8. Nc3 0-0 9. Bd3 Nc6 10. 0-0 h6 11. g3 Bd7 12. Qd2 Rc8 13. Rad1 Na5 14. Ne5 Nc4 15. Bxc4 dxc4 16. f5 Nd5 17. Nxd5 exd5 18. f6 Bf5 19. fxg7 Kxg7 20. Rfe1 Re8 21. Re3 Re6 22. Rde1 b5 23. Rf3 Rf6 24. Rf4 Be6 25. Rxf6 Qxf6 26. Qa5 Bh3 27. Qxb5 c3 28. bxc3 Rxc3 29. Qxd5 Rc2 30. Nd3 Qg6 31. Nf4 Qg4 32. Nxh3 Qxh3 33. Qe5+ Kg8 34. Qe8+ Kg7 35. Qe5+ Kg8 36. Qb8+ Kg7 37. Qxa7 Qf5 38. Rf1 Qd5 39. a3 Rd2 40. Qc7 Rxd4 41. Qc3 f6 42. Ra1 Ra4 43. Qc7+ Kg6 44. Qc2+ Re4 45. a4 f5 46. a5 Qe5 47. Qc6+ Kh5 48. Qc1 Re2 49. a6 Qd4 50. Qf1 Rxf2 51. Qxf2 Qxa1+ 52. Kg2 Kg5 53. a7 Qa6 54. Qf4+ Kg6 55. Qe3 Qc6+ 56. Kf2 Qa8 57. Ke2 Kh5 58. Qf3+ Kg6 59. Qxa8 1-0

[Event "Titled Tuesday intern op 27th Sep Early"]
[Site "Chess.com INT"]
[Date "2022.09.27"]
[Round "9"]
[White "Lahdelma, Henri"]
[Black "Gabdrakhmanov, Azat"]
[Result "1/2-1/2"]
[WhiteElo "2303"]
[BlackElo "2319"]
[PlyCount "100"]
[EventDate "2022.09.27"]
[EventType "swiss (blitz)"]
[EventRounds "11"]
[EventCountry "USA"]
[SourceTitle "CBM 210 Extra"]
[Source "ChessBase"]
[SourceDate "2022.11.30"]
[SourceVersion "1"]
[SourceVersionDate "2022.11.30"]
[SourceQuality "1"]

1. d4 Nf6 2. c4 g6 3. Nf3 Bg7 4. g3 0-0 5. Bg2 d6 6. 0-0 c5 7. Nc3 Nc6 8. e4 cxd4 9. Nxd4 Bd7 10. Be3 a6 11. h3 Rc8 12. Rc1 Qa5 13. b3 Rfe8 14. a4 Qb4 15. Re1 Nxd4 16. Bxd4 Be6 17. Nd5 Bxd5 18. exd5 Nd7 19. Bxg7 Kxg7 20. Re3 b5 21. axb5 axb5 22. Bf1 bxc4 23. Qd4+ Kg8 24. bxc4 Ra8 25. Rce1 Qc5 26. Qxc5 Nxc5 27. Rxe7 Reb8 28. R7e3 Kf8 29. h4 Ra2 30. R3e2 Ra4 31. Rc2 Ra3 32. Kg2 h5 33. Rec1 Re8 34. Rc3 Ra2 35. R3c2 Ra4 36. Rb1 Ra3 37. Rbb2 Ra1 38. Ra2 Rd1 39. Re2 Re1 40. Rxe8+ Kxe8 41. Ra7 Rc1 42. Be2 Rc2 43. Kf1 Ne4 44. Ra3 Nd2+ 45. Ke1 Nxc4 46. Ra8+ Ke7 47. Rc8 Na3 48. Ra8 Nc4 49. Rc8 Na3 50. Ra8 Nc4 1/2-1/2

[Event "Titled Tuesday intern op 27th Sep Early"]
[Site "Chess.com INT"]
[Date "2022.09.27"]
[Round "3"]
[White "Lahdelma, Henri"]
[Black "Rose, Felix"]
[Result "1/2-1/2"]
[WhiteElo "2303"]
[BlackElo "2091"]
[PlyCount "78"]
[EventDate "2022.09.27"]
[EventType "swiss (blitz)"]
[EventRounds "11"]
[EventCountry "USA"]
[SourceTitle "CBM 210 Extra"]
[Source "ChessBase"]
[SourceDate "2022.11.30"]
[SourceVersion "1"]
[SourceVersionDate "2022.11.30"]
[SourceQuality "1"]

1. d4 Nf6 2. c4 e6 3. e3 d5 4. Nf3 Be7 5. Nc3 0-0 6. Bd2 b6 7. a3 Bb7 8. b4 a5 9. c5 c6 10. Bd3 Nbd7 11. 0-0 h6 12. Re1 Qc8 13. h3 Re8 14. Qc2 Bf8 15. Rac1 axb4 16. axb4 Ba6 17. b5 cxb5 18. Nxb5 bxc5 19. dxc5 Qxc5 20. Qb1 Qb6 21. Nc7 Bxd3 22. Qxd3 Nc5 23. Rxc5 Bxc5 24. Nxe8 Rxe8 25. Ne5 Ne4 26. Rb1 Qd6 27. Nf3 Nxd2 28. Qxd2 Qa6 29. Qc3 Be7 30. Ra1 Qc8 31. Qb3 Bf6 32. Ra7 Qc1+ 33. Kh2 Rc8 34. Qb7 Rf8 35. Qd7 Qc2 36. Kg1 Qb1+ 37. Kh2 Qc2 38. Kg3 Qg6+ 39. Kh2 Qc2 1/2-1/2

[Event "Titled Tuesday intern op 27th Sep Early"]
[Site "Chess.com INT"]
[Date "2022.09.27"]
[Round "11"]
[White "Lahdelma, Henri"]
[Black "Xu, Yi"]
[Result "0-1"]
[WhiteElo "2303"]
[BlackElo "2507"]
[PlyCount "26"]
[EventDate "2022.09.27"]
[EventType "swiss (blitz)"]
[EventRounds "11"]
[EventCountry "USA"]
[SourceTitle "CBM 210 Extra"]
[Source "ChessBase"]
[SourceDate "2022.11.30"]
[SourceVersion "1"]
[SourceVersionDate "2022.11.30"]
[SourceQuality "1"]

1. d4 Nf6 2. c4 e6 3. Nf3 d5 4. g3 Bb4+ 5. Bd2 Be7 6. Bf4 0-0 7. Bg2 dxc4 8. Qc2 Nd5 9. Qxc4 Nxf4 10. gxf4 Nd7 11. Nc3 a6 12. a4 b5 13. axb5 axb5 0-1

[Event "Titled Tuesday intern op 27th Sep Early"]
[Site "Chess.com INT"]
[Date "2022.09.27"]
[Round "4"]
[White "White, John S"]
[Black "Lahdelma, Henri"]
[Result "0-1"]
[WhiteElo "2235"]
[BlackElo "2303"]
[PlyCount "44"]
[EventDate "2022.09.27"]
[EventType "swiss (blitz)"]
[EventRounds "11"]
[EventCountry "USA"]
[SourceTitle "CBM 210 Extra"]
[Source "ChessBase"]
[SourceDate "2022.11.30"]
[SourceVersion "1"]
[SourceVersionDate "2022.11.30"]
[SourceQuality "1"]

1. e4 e6 2. d3 d5 3. Nd2 Nf6 4. Ngf3 Nc6 5. g3 dxe4 6. dxe4 e5 7. Bg2 Bc5 8. 0-0 0-0 9. Qe2 a5 10. Nc4 Qe7 11. Bg5 b6 12. Rfd1 Ba6 13. a4 Rad8 14. Nfd2 Nd4 15. Qd3 h6 16. Bxf6 Qxf6 17. c3 Nb3 18. Qc2 Nxa1 19. Rxa1 Qxf2+ 20. Kh1 Bxc4 21. Rf1 Qxd2 22. Qxd2 Rxd2 0-1

[Event "FIN-chT 2223"]
[Site "Finland"]
[Date "2022.09.25"]
[Round "2.3"]
[White "Nivala, Tuomas"]
[Black "Lahdelma, Henri"]
[Result "0-1"]
[WhiteElo "2222"]
[BlackElo "2303"]
[PlyCount "102"]
[EventDate "2022.09.24"]
[EventType "team-tourn"]
[EventRounds "11"]
[EventCountry "FIN"]
[SourceTitle "CBM 210 Extra"]
[Source "ChessBase"]
[SourceDate "2022.11.30"]
[SourceVersion "1"]
[SourceVersionDate "2022.11.30"]
[SourceQuality "1"]
[WhiteTeam "Jyvaskyla JyS"]
[BlackTeam "Espoo MatSK"]
[WhiteTeamCountry "FIN"]
[BlackTeamCountry "FIN"]

1. Nf3 g6 2. e4 d6 3. d4 Bg7 4. Be2 Nd7 5. 0-0 e6 6. c4 Ne7 7. Qc2 0-0 8. Rd1 h6 9. Nc3 f5 10. c5 d5 11. exd5 exd5 12. Ne5 c6 13. Nxd7 Bxd7 14. Bf4 Re8 15. h4 Kh8 16. Qd2 Ng8 17. g3 Kh7 18. Bf3 Nf6 19. Kg2 Ne4 20. Qc2 g5 21. hxg5 hxg5 22. Be3 Qf6 23. Rh1+ Kg8 24. Rh5 f4 25. Nxe4 dxe4 26. Bxe4 Rxe4 27. Qxe4 Bf5 28. Qf3 Qe6 29. Qd1 Bg4 30. Qb3 Qxb3 31. axb3 Bxh5 32. gxf4 gxf4 33. Bxf4 Bxd4 34. Bd6 Bxb2 35. Ra4 Kh7 36. Kg3 Rg8+ 37. Kh4 Be2 38. Rxa7 Ba6 39. b4 Rc8 40. Kg5 Kg7 41. Kf5 Kf7 42. Be5 Bxe5 43. Kxe5 Re8+ 44. Kd4 Kf6 45. b5 Bxb5 46. Rxb7 Re2 47. Rb8 Ke7 48. f4 Rc2 49. f5 Rc4+ 50. Ke5 Rxc5+ 51. Kf4 Bd3 0-1